| 000 | 01164nam a2200313 a 4500 | ||
|---|---|---|---|
| 001 | 000110534 | ||
| 003 | CHAP | ||
| 005 | 20220329144137.0 | ||
| 008 | 140909s2014 mx | |sm |||||||spa|d | ||
| 010 | _a106996 | ||
| 011 | _a107968 | ||
| 040 | _cCHAP | ||
| 090 | _aTesis | ||
| 100 | 1 |
_aElizalde López, Guadalupe Genoveva _936295 |
|
| 245 | 1 | 0 |
_aPropuesta metodológica de indicadores de desarrollo empresarial. _h[En línea] _bestudio de caso: empresas pecuarias en Guanajuato / _cpor Guadalupe Genoveva Elizalde López. |
| 260 |
_aChapingo, Méx. : _bEl autor, _c2014. |
||
| 500 | _aPara ver el contenido del material haga clic en la liga | ||
| 502 | _aTesis (M.C. en Estrategia Agroempresarial) -- UACH. CIESTAAM | ||
| 590 |
_aBATCH-UPD _b05 _c20141002 _lUCH01 _h0905 |
||
| 590 |
_aE792CSJ _b05 _c20140909 _lUCH01 _h0923 |
||
| 590 |
_aE792CSJ _b05 _c20140909 _lUCH01 _h0923 |
||
| 590 |
_aE792CSJ _b05 _c20140909 _lUCH01 _h1009 |
||
| 650 | 1 | 4 |
_aGanadería _xGuanajuato. _944742 |
| 650 | 1 | 4 |
_aPolítica ganadera _xGuanajuato. _990630 |
| 856 |
_aFinding aid _uhttp://10.13.5.2/tesis/sist110534.pdf _zTeclea aquí |
||
| 901 | _aBK | ||
| 942 | _cTESIS | ||
| 942 | _n0 | ||
| 999 |
_c106996 _d106996 |
||